| 000 | 00806cam a22002294a 4500 | ||
|---|---|---|---|
| 999 |
_c128941 _d128941 |
||
| 001 | 14519403 | ||
| 003 | ARRUPE | ||
| 005 | 20190208112435.0 | ||
| 008 | 060825s2002 cc a 000 0 eng | ||
| 010 | _a 2006432924 | ||
| 020 | _a7508500962 | ||
| 040 |
_aDLC _cDLC |
||
| 043 | _aa-cc--- | ||
| 050 | 0 | 0 |
_aSPC. DS721 _b.C244 2002 |
| 100 | 1 |
_aCarducci, Lisa, _d1943- _944510 |
|
| 245 | 1 | 0 |
_aAs great as the world / _cLisa Carducci ; with illustrations by Lao Du. |
| 260 |
_aBeijing : _bChina Intercontinental Press, _c2002. |
||
| 300 |
_aiii, 197 p. : _bill. ; _c21 cm. |
||
| 490 | 0 | _aThis is China | |
| 651 | 0 |
_aChina _xSocial life and customs. _944511 |
|
| 906 |
_a7 _bcbc _corigres _d3 _encip _f20 _gy-gencatlg |
||
| 942 |
_2lcc _cSPC |
||